Detalles MARC
| 000 -LEADER |
| campo de control de longitud fija |
03580cam a22006254i 4500 |
| 001 - NÚMERO DE CONTROL |
| campo de control |
u50805 |
| 003 - IDENTIFICADOR DE NÚMERO DE CONTROL |
| campo de control |
PE-LiUPU |
| 005 - FECHA Y HORA DE LA ÚLTIMA TRANSACCIÓN |
| campo de control |
20250731165613.0 |
| 008 - DATOS DE LONGITUD FIJA--INFORMACIÓN GENERAL |
| campo de control de longitud fija |
150706s2009 r 000 0 d |
| 020 ## - NÚMERO INTERNACIONAL ESTÁNDAR DEL LIBRO |
| Número Internacional Estándar del Libro |
9788473565998 |
| 035 ## - NÚMERO DE CONTROL DEL SISTEMA |
| Número de control de sistema |
(Sirsi) i9788473565998 |
| 040 ## - FUENTE DE CATALOGACIÓN |
| Centro catalogador/agencia de origen |
PE-LiUPU |
| Lengua de catalogación |
spa |
| Centro/agencia transcriptor |
PE-LiUPU |
| Normas de descripción |
rda |
| 082 04 - NÚMERO DE LA CLASIFICACIÓN DECIMAL DEWEY |
| Número de clasificación |
001.42 |
| Cutter |
B15 2009 |
| 100 1# - ENTRADA PRINCIPAL--NOMBRE DE PERSONA |
| Nombre de persona |
Báez y Pérez de Tudela, Juan, |
| Término indicativo de función/relación |
autor. |
| 245 10 - MENCIÓN DEL TÍTULO |
| Título |
Investigación cualitativa / |
| Mención de responsabilidad, etc. |
Juan Báez y Péres de Tudela. |
| 250 ## - MENCION DE EDICION |
| Mención de edición |
Segunda edición. |
| 264 #1 - PRODUCCIÓN, PUBLICACIÓN, DISTRIBUCIÓN, FABRICACIÓN Y COPYRIGHT |
| Producción, publicación, distribución, fabricación y copyright |
Pozuelo de Alarcón, Madrid : |
| Nombre del de productor, editor, distribuidor, fabricante |
ESIC, |
| Fecha de producción, publicación, distribución, fabricación o copyright |
2009. |
| 300 ## - DESCRIPCIÓN FÍSICA |
| Extensión |
401 páginas : |
| Otras características físicas |
ilustraciones gráficos ; |
| Dimensiones |
24 cm. |
| 336 ## - TIPO DE CONTENIDO |
| Término de tipo de contenido |
text |
| Fuente |
rdacontent |
| 337 ## - TIPO DE MEDIO |
| Nombre/término del tipo de medio |
unmediated |
| Fuente |
rdamedia |
| 338 ## - TIPO DE SOPORTE |
| Nombre/término del tipo de soporte |
volume |
| Fuente |
rdacarrier |
| 504 ## - NOTA DE BIBLIOGRAFÍA, ETC. |
| Nota de bibliografía, etc. |
Bibliografia : páginas 379 - 401. |
| 505 0# - NOTA DE CONTENIDO CON FORMATO |
| Nota de contenido con formato |
El contexto -- Introducción a la investigación comercial cualitativa -- Evolución de la investigación cualitativa -- Método y ciencia -- Las técnicas -- La entrevista -- El grupo -- Observación, pseudocompra y compra misteriosa -- Otras técnicas cualitativas -- Del diseño de la investigación al informe de resultados -- El diseño de la investigación -- El análisis -- Los paradigmas de análisis I: "las palabras" -- Los paradigmas de análisis II: "los hechos" -- La creación del analista -- El valor de la investigación: evaluación -- La consultoría -- La consultoría para el cambio en las organizaciones. |
| 526 ## - NOTA DE INFORMACIÓN SOBRE EL PROGRAMA DE ESTUDIO |
| Nombre del programa |
Segunda Especialidad En Estadística Aplicada Para Investigación (A Distancia) |
| 526 ## - NOTA DE INFORMACIÓN SOBRE EL PROGRAMA DE ESTUDIO |
| Nombre del programa |
Segunda Especialidad En Estadística Aplicada Para Investigación |
| 526 ## - NOTA DE INFORMACIÓN SOBRE EL PROGRAMA DE ESTUDIO |
| Nombre del programa |
Ingeniería De Ciberseguridad |
| 526 ## - NOTA DE INFORMACIÓN SOBRE EL PROGRAMA DE ESTUDIO |
| Nombre del programa |
Ingeniería De Ciencia De Datos E Inteligencia Artificial |
| 526 ## - NOTA DE INFORMACIÓN SOBRE EL PROGRAMA DE ESTUDIO |
| Nombre del programa |
Ingeniería De Software |
| 526 ## - NOTA DE INFORMACIÓN SOBRE EL PROGRAMA DE ESTUDIO |
| Nombre del programa |
|
| 526 ## - NOTA DE INFORMACIÓN SOBRE EL PROGRAMA DE ESTUDIO |
| Nombre del programa |
Comunicación Y Periodismo |
| 526 ## - NOTA DE INFORMACIÓN SOBRE EL PROGRAMA DE ESTUDIO |
| Nombre del programa |
Maestría En Ingeniería De Sistemas Con Mención En Dirección Y Gestión De Tecnologías De Información (Semipresencial) |
| 526 ## - NOTA DE INFORMACIÓN SOBRE EL PROGRAMA DE ESTUDIO |
| Nombre del programa |
Maestría En Ingeniería De Sistemas Con Mención En Dirección Y Gestión De Tecnologías De Información (A Distancia) |
| 526 ## - NOTA DE INFORMACIÓN SOBRE EL PROGRAMA DE ESTUDIO |
| Nombre del programa |
Doctorado en ingeniería de sistemas |
| 526 ## - NOTA DE INFORMACIÓN SOBRE EL PROGRAMA DE ESTUDIO |
| Nombre del programa |
Maestría en ingeniería de sistemas con mención en Ingeniería de software |
| 526 ## - NOTA DE INFORMACIÓN SOBRE EL PROGRAMA DE ESTUDIO |
| Nombre del programa |
Maestría en ingeniería de sistemas con mención en Dirección y gestión de tecnologías de información |
| 526 ## - NOTA DE INFORMACIÓN SOBRE EL PROGRAMA DE ESTUDIO |
| Nombre del programa |
Ingeniería de sistemas |
| 526 ## - NOTA DE INFORMACIÓN SOBRE EL PROGRAMA DE ESTUDIO |
| Nombre del programa |
Educación secundaria, especialidad matemática e informática |
| 541 ## - NOTA DE FUENTE DE ADQUISICIÓN DIRECTA |
| -- |
048-005596; |
| 541 ## - NOTA DE FUENTE DE ADQUISICIÓN DIRECTA |
| -- |
001-0035141; |
| 596 ## - |
| -- |
1 2 3 |
| 650 04 - PUNTO DE ACCESO ADICIONAL DE MATERIA--TÉRMINO DE MATERIA |
| Término de materia o nombre geográfico como elemento de entrada |
Investigación cualitativa. |
| 910 ## - DATOS DE OPCIÓN DEL USUARIO (OCLC) |
| Datos de opción del usuario |
gl |
| -- |
jv |
| -- |
lch |
| -- |
20120512 |
| 910 ## - DATOS DE OPCIÓN DEL USUARIO (OCLC) |
| Datos de opción del usuario |
tqv |
| -- |
welc |
| -- |
welc |
| -- |
20160706 |
| 942 ## - ELEMENTOS DE ENTRADA SECUNDARIOS (KOHA) |
| Fuente del sistema de clasificación o colocación |
Clasificación Decimal Dewey |
| Tipo de ítem Koha |
|
| 994 ## - |
| -- |
C0 |
| -- |
PEPRU |
| 949 ## - PROCESAMIENTO DE INFORMACIÓN LOCAL (OCLC) |
| a |
001.42 B15 2009 |
| w |
DEWEY |
| c |
1 |
| i |
FJ00683 |
| l |
CCODEBUJ1 |
| m |
BUJ |
| n |
2 |
| p |
23.45 |
| q |
2 |
| r |
0 |
| s |
Y |
| t |
BOOK |
| u |
2016-7-6 |
| x |
FIA |
| -- |
P27 |
| 0 |
COMPRA |
| o |
.STAFF. Colección General Juliaca |
| 949 ## - PROCESAMIENTO DE INFORMACIÓN LOCAL (OCLC) |
| a |
001.42 B15 2009 |
| w |
DEWEY |
| c |
1 |
| i |
FT03181 |
| l |
CCODEBUT1 |
| m |
BUT |
| p |
23.95 |
| r |
0 |
| s |
Y |
| t |
BOOK |
| u |
2017-9-26 |
| x |
FCE |
| -- |
P08 |
| 0 |
COMPRA |
| o |
.STAFF. Colección General |
| 949 ## - PROCESAMIENTO DE INFORMACIÓN LOCAL (OCLC) |
| a |
001.42 B15 2009 |
| w |
DEWEY |
| c |
2 |
| i |
FJ00684 |
| l |
CCODEBUJ1 |
| m |
BUJ |
| p |
23.45 |
| q |
1 |
| r |
0 |
| s |
Y |
| t |
BOOK |
| u |
2016-7-6 |
| x |
FIA |
| -- |
P27 |
| 0 |
COMPRA |
| o |
.STAFF. Colección General Juliaca |
| 949 ## - PROCESAMIENTO DE INFORMACIÓN LOCAL (OCLC) |
| a |
001.42 B15 |
| w |
DEWEY |
| c |
1 |
| i |
64555 |
| d |
2018-3-15 |
| e |
2018-3-14 |
| f |
2018-2-12 |
| g |
4 |
| l |
CCODEBUL1 |
| m |
BUL |
| n |
3 |
| p |
38.00 |
| q |
1 |
| r |
0 |
| s |
Y |
| t |
BOOK |
| u |
2015-7-6 |
| x |
INGENIERIA |
| -- |
P27 |
| 0 |
COMPRA |
| o |
.STAFF. Colección General |
| 999 ## - NÚMEROS DE CONTROL DE SISTEMA (KOHA) |
| -- |
DEWEY |
| -- |
64555 |
| -- |
2019-1-27 |
| -- |
2021-11-4 |
| -- |
7 |
| -- |
CCODEBUL1 |
| -- |
BUL |
| -- |
4 |
| -- |
38.00 |
| -- |
2 |
| -- |
0 |
| -- |
Y |
| -- |
BOOK |
| -- |
2015-7-6 |
| -- |
BIBLIOTECA |
| -- |
P27 |
| -- |
COMPRA |
| -- |
.STAFF. Colección General |
| 999 ## - NÚMEROS DE CONTROL DE SISTEMA (KOHA) |
| -- |
DEWEY |
| -- |
FJ00683 |
| -- |
2019-3-27 |
| -- |
2021-12-27 |
| -- |
4 |
| -- |
CCODEBUJ1 |
| -- |
BUJ |
| -- |
3 |
| -- |
23.45 |
| -- |
6 |
| -- |
0 |
| -- |
Y |
| -- |
BOOK |
| -- |
2016-7-6 |
| -- |
SALUD |
| -- |
P22 |
| -- |
COMPRA |
| -- |
.STAFF. Colección General Juliaca |
| 999 ## - NÚMEROS DE CONTROL DE SISTEMA (KOHA) |
| -- |
DEWEY |
| -- |
FJ00684 |
| -- |
2019-5-16 |
| -- |
2021-12-27 |
| -- |
4 |
| -- |
CCODEBUJ1 |
| -- |
BUJ |
| -- |
1 |
| -- |
23.45 |
| -- |
7 |
| -- |
0 |
| -- |
Y |
| -- |
BOOK |
| -- |
2016-7-6 |
| -- |
SALUD |
| -- |
P22 |
| -- |
COMPRA |
| -- |
.STAFF. Colección General Juliaca |
| 999 ## - NÚMEROS DE CONTROL DE SISTEMA (KOHA) |
| -- |
DEWEY |
| -- |
FT03181 |
| -- |
2018-11-11 |
| -- |
2019-2-20 |
| -- |
2 |
| -- |
CCODEBUT1 |
| -- |
BUT |
| -- |
2 |
| -- |
23.95 |
| -- |
0 |
| -- |
Y |
| -- |
BOOK |
| -- |
2017-9-26 |
| -- |
FCE |
| -- |
P08 |
| -- |
COMPRA |
| -- |
.STAFF. Colección General |
| 980 ## - EQUIVALENCIA O REFERENCIA-CRUZADA-MENCIÓN DE SERIE--NOMBRE DE PERSONA/TÍTULO [LOCAL, CANADÁ] |
| ID del último usuario que modificó el registro |
1 |
| Nombre del último usuario que modificó el registro |
ALBERTO SANCHEZ Responsable de Automatización |